000
00314nam a2200133Ia 4500
005
20251222144903.0
008
251222s9999||||xx |||||||||||||| ||spa||
020
_a
84-88344-00-7
082
_a
869.552/P19/1993
100
_a
Palma, Ricardo
245
0
_a
Tradiciones Peruanas
264
_b
Archjivos
942
_c
LIB
999
_c
22064
_d
22064